Регион: социально-экономический, этнографический и культурный феномен России (Запись № 1025399)

Подробности
000 -МАРКЕР
контрольное поле 01791nam0a2200313 4500
001 - ИДЕНТИФИКАТОР ЗАПИСИ
контрольное поле RU\NLR\bibl\483544
005 - ИДЕНТИФИКАТОР ВЕРСИИ
контрольное поле 20260601073733.0
010 ## - МЕЖДУНАРОДНЫЙ СТАНДАРТНЫЙ НОМЕР КНИГИ (ISBN)
Номер (ISBN) 5-8180-0132-6
Тираж 300
021 ## - НОМЕР ГОСУДАРСТВЕННОЙ РЕГИСТРАЦИИ
Код страны Российская Федерация
Номер 2003-66119
Номер Листа государственной регистраци 3260
035 ## - ДРУГИЕ СИСТЕМНЫЕ НОМЕРА
Идентификатор записи (NLR Aleph) 000476298
100 ## - ДАННЫЕ ОБЩЕЙ ОБРАБОТКИ
Данные общей обработки 20040126d2003 |||y0rusy50 ca
101 0# - ЯЗЫК РЕСУРСА
Язык текста, звукозаписи и т.д. русский
102 ## - СТРАНА ПУБЛИКАЦИИ ИЛИ ПРОИЗВОДСТВА
Страна публикации Российская Федерация
105 ## - ПОЛЕ КОДИРОВАННЫХ ДАННЫХ: ТЕКСТОВЫЕ МАТЕРИАЛЫ, МОНОГРАФИЧЕСКИЕ
Кодированные данные о монографическом текстовом документе a |||||||||
200 1# - ЗАГЛАВИЕ И СВЕДЕНИЯ ОБ ОТВЕТСТВЕННОСТИ
Основное заглавие Регион: социально-экономический, этнографический и культурный феномен России
Сведения, относящиеся к заглавию Сб. науч. тр.
-- [Материалы Ежегод. науч.-практ. конф. проф.-преп. состава ПАГС, 28 нояб. 2002 г.]
Первые сведения об ответственности Поволж. акад. гос. службы им. П.А. Столыпина
Последующие сведения об ответственности [Редкол.: С.Ю. Наумов, д.ист.н., проф. (отв. ред.) и др.]
210 ## - ПУБЛИКАЦИЯ, РАСПРОСТРАНЕНИЕ И ДР.
Место издания, распространения и т.д. Саратов
Имя издателя, распространителя и т. д. ПАГС
Дата издания, распространения и т.д. 2003
215 ## - ФИЗИЧЕСКАЯ ХАРАКТЕРИСТИКА
Специфическое обозначение материала и объем 280 с.
Другие сведения о физической характеристике ил.
Размеры 29
320 ## - ПРИМЕЧАНИЯ О НАЛИЧИИ В ДОКУМЕНТЕ БИБЛИОГРАФИИ / УКАЗАТЕЛЯ
Текст примечания Библиогр. в конце ст.
606 0# - НАИМЕНОВАНИЕ ТЕМЫ КАК ПРЕДМЕТ
Наименование темы Региональная экономика
Формальный подзаголовок Съезды, совещания и т.п.
Географический подзаголовок Поволжье
Системный номер авторитетной/нормативной записи 2105959
Идентификатор авторитетной/нормативной записи RU\NLR\auth\661273176
686 ## - ИНДЕКСЫ ДРУГИХ КЛАССИФИКАЦИЙ
Индекс У04(2Р35)9я431
702 #1 - ИМЯ ЛИЦА - ВТОРИЧНАЯ ОТВЕТСТВЕННОСТЬ
Код отношения Редактор
Материалы, к которым относится поле rus
Графика поля Кириллица
Начальный элемент ввода Наумов
Часть имени, кроме начального элемента ввода С. Ю.
Дополнения к именам, кроме дат д-р ист. наук
Даты 1963-
Расширение инициалов личного имени Сергей Юрьевич
Идентификатор авторитетной/нормативной записи RU\NLR\auth\7729821
Системный номер авторитетной/нормативной записи 12849
711 02 - НАИМЕНОВАНИЕ ОРГАНИЗАЦИИ - АЛЬТЕРНАТИВНАЯ ОТВЕТСТВЕННОСТЬ
Начальный элемент ввода Поволжская академия государственной службы им. П. А. Столыпина
Идентифицирующий признак Саратов
Структурное подразделение Научно-практическая конференция профессорско-преподавательского состава
Дата проведения временной организации 2002
Идентификатор авторитетной/нормативной записи RU\NLR\AUTH\8810051258
Системный номер авторитетной/нормативной записи 602808
801 #0 - ИСТОЧНИК ЗАПИСИ
Страна Российская Федерация
Организация NLR
Дата составления 20040126
Правила каталогизации PSBO
801 #1 - ИСТОЧНИК ЗАПИСИ
Страна Российская Федерация
Организация NLR
Дата составления 20040126
942 ## - ДОПОЛНИТЕЛЬНЫЕ ЭЛЕМЕНТЫ ЗАПИСИ (АБИС)
Тип экземпляра АБИС Книга
980 ## - КОЛЛЕКЦИЯ
Название коллекции Национальная библиография
980 ## - КОЛЛЕКЦИЯ
Название коллекции НБР
Экземпляры
Тип экземпляра Дата поступления Источник поступления Библиотека постоянного хранения Библиотека текущего хранения Место хранения Шифр хранения Штрих-код Статус экземпляра
Книга 26.01.2004 Обязательный экземпляр РНБ (Московский) РНБ (Московский) Русский книжный фонд: издания с 1957 года 2004-8/190 624728  
Книга 26.01.2004 Обязательный экземпляр РНБ (Московский) РНБ (Московский) Русский книжный фонд: издания с 1957 года 2004-8/190 624729